[Event "European Hybrid Qual 2021"]
[Site "Tornelo INT"]
[Date "2021.05.27"]
[Round "2.3"]
[White "Jobava, Baadur"]
[Black "Pancevski, Filip"]
[Result "1-0"]
[WhiteTitle "GM"]
[BlackTitle "IM"]
[WhiteElo "2603"]
[BlackElo "2519"]
[WhiteFideId "13601520"]
[BlackFideId "15002187"]
[EventDate "2021.05.24"]
[EventType "k.o."]

1. d4 d6 2. e4 Nf6 3. Nc3 e5 4. Nf3 Nbd7 5. Bc4 Be7 6. a4 O-O 7. a5 a6 8. O-O b5
9. axb6 cxb6 10. Re1 Bb7 11. Ba2 b5 12. Bg5 Qc7 13. h3 Rac8 14. Re2 Rfe8 15.
Bxf6 Nxf6 16. Nd5 Nxd5 17. Bxd5 Bf6 18. Bxb7 Qxb7 19. d5 Bd8 20. Re3 Bb6 21.
Rea3 Ra8 22. Qd3 Rec8 23. c3 Bc5 24. R3a2 g6 25. g3 Rcb8 26. Kg2 b4 27. c4 Qb6
28. b3 a5 29. Qe2 Ra7 30. Ra4 Rf8 31. R1a2 Qd8 32. Ne1 Qc7 33. Nd3 Kg7 34. h4 h5
35. Qb2 Bd4 36. Qd2 f5 37. Nf4 exf4 38. Qxd4+ Kh7 39. exf5 Rxf5 40. Rxb4 Qf7 41.
Rb8 Rf6 42. gxf4 Re7 43. Rxa5 Kg7 44. Raa8 1-0

[Event "European Hybrid Qual 2021"]
[Site "Tornelo INT"]
[Date "2021.05.27"]
[Round "2.4"]
[White "Pancevski, Filip"]
[Black "Jobava, Baadur"]
[Result "0-1"]
[WhiteTitle "IM"]
[BlackTitle "GM"]
[WhiteElo "2519"]
[BlackElo "2603"]
[WhiteFideId "15002187"]
[BlackFideId "13601520"]
[EventDate "2021.05.24"]
[EventType "k.o."]

1. c4 c6 2. g3 d5 3. Nf3 Nf6 4. Bg2 Bf5 5. O-O e6 6. Qb3 Qc8 7. d3 Be7 8. cxd5
exd5 9. Re1 O-O 10. Nc3 Na6 11. a3 Re8 12. Bf4 h6 13. Rac1 Bf8 14. Nd4 Nc5 15.
Qc2 Bh3 16. Bh1 Ne6 17. Nxe6 Bxe6 18. e4 dxe4 19. dxe4 Nd7 20. Qe2 Nc5 21. Be3
a5 22. f4 Bg4 23. Qc2 a4 24. f5 Rd8 25. Bg2 Bh5 26. Bf1 Nb3 27. Rb1 Nd4 28. Bxd4
Rxd4 29. e5 Ra5 30. h3 Qd8 31. g4 Bxg4 32. hxg4 Rxg4+ 33. Bg2 Bc5+ 34. Kf1 Rf4+
35. Ke2 Rf2# 0-1

[Event "European Hybrid Qual 2021"]
[Site "Tornelo INT"]
[Date "2021.05.26"]
[Round "2.1"]
[White "Garrido Outon, Alex"]
[Black "Grandelius, Nils"]
[Result "0-1"]
[WhiteTitle "FM"]
[BlackTitle "GM"]
[WhiteElo "2339"]
[BlackElo "2670"]
[WhiteFideId "24516279"]
[BlackFideId "1710400"]
[EventDate "2021.05.24"]
[EventType "k.o."]

1. e4 c6 2. d4 d5 3. e5 c5 4. dxc5 e6 5. a3 Bxc5 6. Qg4 Ne7 7. Nf3 O-O 8. Bd3 f5
9. exf6 Rxf6 10. Qh5 h6 11. O-O Bd6 12. c4 Nbc6 13. Nc3 Bd7 14. Bd2 Be8 15. Qh3
Bd7 16. Qh5 Be8 17. Qh3 Bf7 18. Rad1 a6 19. Bb1 Qc7 20. Be3 Rd8 21. Ba2 Rxf3 22.
gxf3 d4 23. c5 Bxc5 24. Bxe6 Rf8 25. Bxh6 dxc3 26. Qg4 Qe5 27. Rfe1 Bxe6 28. Qg2
Nf5 29. Rxe5 Nxe5 30. b4 Nxh6 31. bxc5 c2 32. Rc1 Rd8 33. Qf1 Bc4 0-1

[Event "European Hybrid Qual 2021"]
[Site "Tornelo INT"]
[Date "2021.05.27"]
[Round "2.2"]
[White "Grandelius, Nils"]
[Black "Garrido Outon, Alex"]
[Result "1/2-1/2"]
[WhiteTitle "GM"]
[BlackTitle "FM"]
[WhiteElo "2670"]
[BlackElo "2339"]
[WhiteFideId "1710400"]
[BlackFideId "24516279"]
[EventDate "2021.05.24"]
[EventType "k.o."]

1. e4 c5 2. Nf3 d6 3. Bb5+ Bd7 4. Bxd7+ Nxd7 5. O-O Ngf6 6. Qe2 Rc8 7. c3 e6 8.
d4 cxd4 9. cxd4 Be7 10. Nc3 O-O 11. e5 Ne8 12. d5 exd5 13. exd6 Bxd6 14. Nxd5
Nef6 15. Nxf6+ Qxf6 16. Bg5 Qg6 17. Rad1 Nc5 18. Rfe1 Bb8 19. Bh4 Ne6 20. Bg3
Bxg3 21. hxg3 Rc2 22. Rd2 Rfc8 23. Nd4 Rc1 24. Nxe6 Qxe6 25. Rd8+ Rxd8 26. Qxe6
fxe6 27. Rxc1 Kf8 28. Rc7 Rd1+ 29. Kh2 Rd2 30. Rxb7 Rxf2 31. Rxa7 Rxb2 32. g4 e5
33. Kg3 e4 34. Kf4 Rxg2 35. Ra8+ Kf7 36. Ra7+ Ke8 37. Rxg7 h5 38. Kxe4 Rxg4+ 39.
Rxg4 hxg4 40. Kf4 1/2-1/2

[Event "European Hybrid Qual 2021"]
[Site "Tornelo INT"]
[Date "2021.05.26"]
[Round "2.1"]
[White "Greenfeld, Alon"]
[Black "Nguyen, Thai Dai Van"]
[Result "0-1"]
[WhiteTitle "GM"]
[BlackTitle "GM"]
[WhiteElo "2502"]
[BlackElo "2577"]
[WhiteFideId "2800039"]
[BlackFideId "358878"]
[EventDate "2021.05.24"]
[EventType "k.o."]

1. d4 d5 2. c4 dxc4 3. e4 b5 4. a4 c6 5. axb5 cxb5 6. Nc3 Qb6 7. Nd5 Qb7 8. Bf4
e5 9. Bxe5 Nd7 10. Nf3 Ngf6 11. Bxf6 Nxf6 12. Nxf6+ gxf6 13. Be2 Bb4+ 14. Kf1
O-O 15. d5 Re8 16. Nd4 Rxe4 17. Nc6 a5 18. f3 Re8 19. Qd4 Bf8 20. Qxf6 Bg7 21.
Qg5 h6 22. Qh4 a4 23. Rd1 Bf5 0-1

[Event "European Hybrid Qual 2021"]
[Site "Tornelo INT"]
[Date "2021.05.27"]
[Round "2.2"]
[White "Nguyen, Thai Dai Van"]
[Black "Greenfeld, Alon"]
[Result "1/2-1/2"]
[WhiteTitle "GM"]
[BlackTitle "GM"]
[WhiteElo "2577"]
[BlackElo "2502"]
[WhiteFideId "358878"]
[BlackFideId "2800039"]
[EventDate "2021.05.24"]
[EventType "k.o."]

1. d4 d5 2. c4 e6 3. Nf3 Nf6 4. Nc3 Nbd7 5. Bf4 dxc4 6. e3 b5 7. Nxb5 Bb4+ 8.
Nc3 Nd5 9. Rc1 N7b6 10. Bg3 Bd7 11. Ne5 Na4 12. Qf3 O-O 13. Bxc4 Naxc3 14. bxc3
Bxc3+ 15. Kf1 Rb8 16. h4 Bd2 17. Ra1 Bc3 18. Rc1 Bd2 19. Ra1 Bc3 20. Rc1 Bd2 1/2-1/2

[Event "European Hybrid Qual 2021"]
[Site "Tornelo INT"]
[Date "2021.05.26"]
[Round "2.1"]
[White "Mihajlov, Sebastian"]
[Black "Bluebaum, Matthias"]
[Result "0-1"]
[WhiteTitle "IM"]
[BlackTitle "GM"]
[WhiteElo "2384"]
[BlackElo "2669"]
[WhiteFideId "1512110"]
[BlackFideId "24651516"]
[EventDate "2021.05.24"]
[EventType "k.o."]

1. e4 c6 2. d4 d5 3. exd5 cxd5 4. Bd3 Nc6 5. c3 Nf6 6. Bf4 Bg4 7. Qb3 Qd7 8. Nd2
e6 9. Ngf3 Bd6 10. Bxd6 Qxd6 11. O-O O-O 12. Rfe1 Qc7 13. Ne5 Nxe5 14. Rxe5 Bh5
15. Rae1 Bg6 16. Bxg6 hxg6 17. Nf3 Rab8 18. R5e3 Ng4 19. Rd3 b5 20. Ne5 Nxe5 21.
dxe5 Rfc8 22. Rd4 a5 23. a3 Qa7 24. Red1 Rb7 25. R1d2 Qb8 26. f4 Qa7 27. Kh1 b4
28. cxb4 axb4 29. a4 Ra8 30. Rxb4 Rxb4 31. Qxb4 Qxa4 32. Qxa4 Rxa4 33. g3 f6 34.
Kg2 fxe5 35. fxe5 g5 36. h3 g4 37. hxg4 Rxg4 38. Kf3 Rb4 39. Rc2 Kf7 40. g4 Re4
41. b4 Rxb4 42. Rc7+ Kg6 43. Rc6 Kg5 44. Rxe6 Rf4+ 45. Ke3 Rxg4 46. Re7 Kf5 47.
e6 Re4+ 48. Kd3 g5 49. Rg7 Rxe6 50. Kd4 g4 51. Kxd5 Rf6 52. Kd4 Kf4 53. Kd3 Kf3
54. Kd2 g3 55. Ke1 Kg2 56. Rh7 Re6+ 57. Kd1 Kg1 58. Rg7 g2 59. Rh7 Re4 0-1

[Event "European Hybrid Qual 2021"]
[Site "Tornelo INT"]
[Date "2021.05.27"]
[Round "2.2"]
[White "Bluebaum, Matthias"]
[Black "Mihajlov, Sebastian"]
[Result "1/2-1/2"]
[WhiteTitle "GM"]
[BlackTitle "IM"]
[WhiteElo "2669"]
[BlackElo "2384"]
[WhiteFideId "24651516"]
[BlackFideId "1512110"]
[EventDate "2021.05.24"]
[EventType "k.o."]

1. d4 Nf6 2. c4 g6 3. Nc3 Bg7 4. e4 d6 5. Nf3 O-O 6. Be2 e5 7. Be3 Qe8 8. dxe5
Ng4 9. Bg5 Nxe5 10. Nd4 c6 11. O-O a6 12. Qd2 b5 13. cxb5 axb5 14. Nc2 f6 15.
Be3 Nf7 16. a4 bxa4 17. Nxa4 Nd7 18. f3 Bb7 1/2-1/2

[Event "European Hybrid Qual 2021"]
[Site "Tornelo INT"]
[Date "2021.05.26"]
[Round "2.1"]
[White "Petrov, Martin"]
[Black "Ivanisevic, Ivan"]
[Result "0-1"]
[WhiteTitle "IM"]
[BlackTitle "GM"]
[WhiteElo "2524"]
[BlackElo "2606"]
[WhiteFideId "2911086"]
[BlackFideId "912417"]
[EventDate "2021.05.24"]
[EventType "k.o."]

1. e4 c5 2. Nf3 e6 3. d4 cxd4 4. Nxd4 Nc6 5. Nc3 Qc7 6. Be2 a6 7. O-O Nf6 8. Be3
Bb4 9. Na4 O-O 10. Nxc6 bxc6 11. Nb6 Rb8 12. Nxc8 Rfxc8 13. Bxa6 Rf8 14. Bd3 Bd6
15. f4 e5 16. f5 Rxb2 17. Kh1 Be7 18. g4 h6 19. h4 d5 20. g5 Nxe4 21. Bxe4 Rb4
22. Qh5 Rxe4 23. Rf3 Ra8 24. Bf2 Raa4 25. Rg1 Bc5 26. gxh6 Bxf2 27. Rxg7+ Kf8
28. h7 Re1+ 29. Kg2 Rg1+ 30. Kh2 e4+ 0-1

[Event "European Hybrid Qual 2021"]
[Site "Tornelo INT"]
[Date "2021.05.27"]
[Round "2.2"]
[White "Ivanisevic, Ivan"]
[Black "Petrov, Martin"]
[Result "1-0"]
[WhiteTitle "GM"]
[BlackTitle "IM"]
[WhiteElo "2606"]
[BlackElo "2524"]
[WhiteFideId "912417"]
[BlackFideId "2911086"]
[EventDate "2021.05.24"]
[EventType "k.o."]

1. d4 Nf6 2. c4 e6 3. Nc3 Bb4 4. e3 O-O 5. Bd3 c5 6. Ne2 cxd4 7. exd4 b6 8. a3
Be7 9. O-O Bb7 10. d5 Re8 11. Ng3 Na6 12. Bf4 Bf8 13. Re1 exd5 14. Rxe8 Nxe8 15.
cxd5 Bd6 16. Qd2 Nc5 17. Bc2 Bxf4 18. Qxf4 Qf6 19. Nf5 g6 20. Qg3 Kf8 21. Ne3 h5
22. Nc4 d6 23. Re1 Ba6 24. Nd2 Rc8 25. Qe3 Kg7 26. b4 Nd7 27. Nde4 Qe7 28. Ba4
Ne5 29. f4 Nd3 30. Qd4+ Nf6 31. Re3 Nxf4 32. Bc6 Qe5 33. Qxe5 dxe5 34. Nxf6 Kxf6
35. b5 Bb7 36. Ne4+ Ke7 37. Bxb7 Rc1+ 38. Kf2 Rc2+ 39. Kf1 Nxg2 40. d6+ Kd8 41.
Re2 Rxe2 42. Kxe2 Nf4+ 43. Kf3 Ne6 44. Nf6 h4 45. Bc6 Nd4+ 46. Ke4 1-0

[Event "European Hybrid Qual 2021"]
[Site "Tornelo INT"]
[Date "2021.05.26"]
[Round "2.1"]
[White "Cheparinov, Ivan"]
[Black "Nenezic, Marko"]
[Result "1/2-1/2"]
[WhiteTitle "GM"]
[BlackTitle "IM"]
[WhiteElo "2667"]
[BlackElo "2532"]
[WhiteFideId "2905540"]
[BlackFideId "912123"]
[EventDate "2021.05.24"]
[EventType "k.o."]

1. e4 c5 2. Nf3 d6 3. d4 cxd4 4. Nxd4 Nf6 5. Nc3 a6 6. Bg5 e6 7. f4 Qc7 8. Bxf6
gxf6 9. Qf3 b5 10. Bd3 Bb7 11. O-O-O Nd7 12. Rhe1 O-O-O 13. f5 e5 14. Nb3 Kb8
15. Nd5 Bxd5 16. exd5 Nc5 17. Nxc5 dxc5 18. c4 Bd6 19. Re4 Qa5 20. Kb1 h5 21.
Qe2 b4 22. Rh4 e4 23. Rxe4 Bxh2 24. Bc2 Qc7 25. Re7 Rd7 26. d6 Bxd6 27. Rxd7
Qxd7 28. Qf3 Qc7 29. a3 Rd8 30. Be4 Be5 31. axb4 cxb4 32. Rxd8+ 1/2-1/2

[Event "European Hybrid Qual 2021"]
[Site "Tornelo INT"]
[Date "2021.05.27"]
[Round "2.2"]
[White "Nenezic, Marko"]
[Black "Cheparinov, Ivan"]
[Result "1/2-1/2"]
[WhiteTitle "IM"]
[BlackTitle "GM"]
[WhiteElo "2532"]
[BlackElo "2667"]
[WhiteFideId "912123"]
[BlackFideId "2905540"]
[EventDate "2021.05.24"]
[EventType "k.o."]

1. d4 Nf6 2. c4 g6 3. Nc3 d5 4. Nf3 Bg7 5. cxd5 Nxd5 6. e4 Nxc3 7. bxc3 c5 8.
Be3 Bg4 9. Qd2 cxd4 10. cxd4 Nc6 11. Rd1 O-O 12. Be2 Qa5 13. Qxa5 Nxa5 14. O-O
Rac8 15. Rc1 a6 16. h3 Bd7 17. Bd2 Nc6 18. d5 Nd4 19. Nxd4 Bxd4 20. Bb4 Rfe8 21.
Bg4 Bxg4 22. hxg4 Kf8 23. Rfd1 Bb2 24. Rb1 Be5 25. Bd2 b5 26. Rdc1 f6 27. Kf1
Kf7 28. g5 Bd6 29. Ke2 fxg5 30. Bxg5 Ba3 31. Rxc8 Rxc8 32. Kd3 h5 33. Rb3 Bd6
34. f4 Rc4 35. Rc3 Rxc3+ 36. Kxc3 Bc5 37. e5 e6 38. d6 Ke8 39. Bh4 Kd7 40. Kd3
Kc6 41. Bd8 Bb4 42. Bh4 Bc5 43. Be1 Bb6 44. Ke4 Kd7 45. Kf3 Bd8 46. g4 hxg4+ 47.
Kxg4 a5 48. Kf3 Kc6 49. Ke4 Kc5 50. Kd3 Kd5 51. Bf2 a4 52. a3 Ba5 53. Bh4 Kc6
54. Kc2 Bb6 55. Bg5 Bc5 56. Kb2 Bd4+ 57. Kc2 Bc5 58. Kb2 Bd4+ 59. Kc2 Bc5 1/2-1/2

[Event "European Hybrid Qual 2021"]
[Site "Tornelo INT"]
[Date "2021.05.27"]
[Round "2.3"]
[White "Nenezic, Marko"]
[Black "Cheparinov, Ivan"]
[Result "1/2-1/2"]
[WhiteTitle "IM"]
[BlackTitle "GM"]
[WhiteElo "2532"]
[BlackElo "2667"]
[WhiteFideId "912123"]
[BlackFideId "2905540"]
[EventDate "2021.05.24"]
[EventType "k.o."]

1. Nf3 c5 2. g3 Nc6 3. Bg2 g6 4. O-O Bg7 5. e4 d6 6. c3 e5 7. a3 Nge7 8. b4 a6
9. d3 O-O 10. Bg5 h6 11. Be3 b6 12. Qd2 Kh7 13. a4 Be6 14. a5 bxa5 15. bxc5 d5
16. Na3 Qc7 17. Rab1 Rfd8 18. Qc2 Kg8 19. Rb6 Nc8 20. Rb2 Rb8 21. Rfb1 Rxb2 22.
Qxb2 g5 23. exd5 Bxd5 24. Ne1 Bxg2 25. Kxg2 Qd7 26. Qa2 N8e7 27. Qc4 Nd5 28. Bd2
Qc8 29. Nac2 Nce7 30. Kg1 Qc6 31. d4 Rc8 32. Qd3 exd4 33. cxd4 a4 34. Na3 Rd8
35. Nec2 Ng6 36. Qf3 Qd7 37. Nc4 Qe6 38. Re1 Qf6 39. Qxf6 Bxf6 40. Ra1 Nc7 41.
Be3 Ne7 42. Rxa4 Nc6 43. Nb6 Kg7 44. Kg2 a5 45. h3 Nd5 46. Nxd5 Rxd5 47. Kf3 Bd8
48. Ke4 Rd7 49. Kd3 f5 50. Kc4 Bf6 51. f4 gxf4 52. gxf4 Re7 53. Ra1 Re4 54. Rg1+
Kf7 55. Kd3 Ne7 56. Ra1 Nd5 57. Rxa5 Nxe3 58. Nxe3 Rxd4+ 59. Ke2 Rxf4 60. Ra7+
Ke8 61. Ra6 Bd8 62. Nd5 Rd4 63. Nf6+ Bxf6 64. Rxf6 Rc4 65. c6 h5 66. Rxf5 Rxc6
67. Rxh5 Rc3 68. Kf2 Kf7 1/2-1/2

[Event "European Hybrid Qual 2021"]
[Site "Tornelo INT"]
[Date "2021.05.27"]
[Round "2.4"]
[White "Cheparinov, Ivan"]
[Black "Nenezic, Marko"]
[Result "1/2-1/2"]
[WhiteTitle "GM"]
[BlackTitle "IM"]
[WhiteElo "2667"]
[BlackElo "2532"]
[WhiteFideId "2905540"]
[BlackFideId "912123"]
[EventDate "2021.05.24"]
[EventType "k.o."]

1. d4 Nf6 2. c4 g6 3. Nc3 Bg7 4. e4 d6 5. Nf3 O-O 6. Be2 e5 7. O-O Na6 8. Re1 c6
9. Be3 Qe7 10. c5 dxc5 11. dxe5 Ng4 12. Bg5 Qe6 13. Bxa6 bxa6 14. Na4 Nxe5 15.
Nxc5 Nxf3+ 16. Qxf3 Qe5 17. Be3 Qxb2 18. a4 Qxa1 19. Rxa1 Bxa1 20. h4 h5 21. Qd1
Be5 22. Qc2 Rb8 23. Nd3 Bg7 24. Bf4 Rb7 25. Be5 Bxe5 26. Nxe5 Re8 27. Qc5 Rbe7
28. f4 Kg7 29. Kh2 Rc7 30. Qa5 Ree7 31. Nd3 c5 32. Nxc5 Kg8 33. Qb4 Bg4 34. Qd4
a5 35. Qd6 Kg7 36. Qd4+ Kg8 37. Qd6 Kg7 38. Kg3 Kg8 39. e5 Bf5 40. Kf2 Kf8 41.
Qd8+ Kg7 42. Qd6 Kf8 43. Qd8+ Kg7 44. Qd6 Kf8 1/2-1/2

[Event "European Hybrid Qual 2021"]
[Site "Tornelo INT"]
[Date "2021.05.27"]
[Round "2.5"]
[White "Cheparinov, Ivan"]
[Black "Nenezic, Marko"]
[Result "1-0"]
[WhiteTitle "GM"]
[BlackTitle "IM"]
[WhiteElo "2667"]
[BlackElo "2532"]
[WhiteFideId "2905540"]
[BlackFideId "912123"]
[EventDate "2021.05.24"]
[EventType "k.o."]

1. e4 g6 2. d4 Bg7 3. Nc3 a6 4. Nf3 d6 5. Be3 Nd7 6. Bc4 e6 7. a4 b6 8. d5 e5 9.
g4 h5 10. g5 h4 11. Rg1 a5 12. Qe2 Nc5 13. Nd2 Ne7 14. Bb5+ Kf8 15. O-O-O Bh3
16. Kb1 Qc8 17. Nc4 Kg8 18. f3 Rh7 19. Rde1 Rb8 20. Rd1 Rh5 21. Na3 Nd7 22. Rd2
Nc5 23. Nd1 Rh7 24. Nc3 Rh5 25. Qf2 Rh7 26. f4 exf4 27. Qxf4 Nd7 28. Bxd7 Bxd7
29. Bd4 Bxd4 30. Rxd4 Qe8 31. Rc4 Rc8 32. Nab5 Bxb5 33. Nxb5 Qd7 34. Rg4 h3 35.
Rg3 c6 36. dxc6 Rxc6 37. Rxc6 Nxc6 38. Rd3 Qe7 39. Rxd6 Qe5 40. Qf6 Qxe4 41.
Rxc6 Qh1+ 42. Ka2 Qd5+ 43. c4 1-0

[Event "European Hybrid Qual 2021"]
[Site "Tornelo INT"]
[Date "2021.05.26"]
[Round "2.1"]
[White "Janik, Igor"]
[Black "Kryakvin, Dmitry"]
[Result "1/2-1/2"]
[WhiteTitle "IM"]
[BlackTitle "GM"]
[WhiteElo "2495"]
[BlackElo "2577"]
[WhiteFideId "1159259"]
[BlackFideId "4153278"]
[EventDate "2021.05.24"]
[EventType "k.o."]

1. d4 d5 2. c4 c6 3. Nc3 Nf6 4. e3 a6 5. Nf3 Bf5 6. Ne5 g6 7. g4 Be6 8. cxd5
cxd5 9. Qb3 Ra7 10. g5 Ne4 11. Qa4+ Bd7 12. Nxd7 Qxd7 13. Qxd7+ Nxd7 14. Nxd5
Nxg5 15. Bg2 f5 16. Bd2 e6 17. Nf4 Kf7 18. Rc1 Bd6 19. Nd3 Ne4 20. f3 Nxd2 21.
Kxd2 e5 22. f4 e4 23. Ne5+ Ke7 24. Nxd7 Kxd7 25. h4 Raa8 26. Bf1 1/2-1/2

[Event "European Hybrid Qual 2021"]
[Site "Tornelo INT"]
[Date "2021.05.27"]
[Round "2.2"]
[White "Kryakvin, Dmitry"]
[Black "Janik, Igor"]
[Result "1-0"]
[WhiteTitle "GM"]
[BlackTitle "IM"]
[WhiteElo "2577"]
[BlackElo "2495"]
[WhiteFideId "4153278"]
[BlackFideId "1159259"]
[EventDate "2021.05.24"]
[EventType "k.o."]

1. d4 Nf6 2. c4 e6 3. Nc3 Bb4 4. e3 O-O 5. Bd2 b6 6. Nf3 d5 7. cxd5 exd5 8. Bd3
Ba6 9. Bxa6 Nxa6 10. O-O Qc8 11. Rc1 Qb7 12. a3 Bxc3 13. Bxc3 Rac8 14. b3 Nb8
15. Bb2 Rfe8 16. Rc2 Ne4 17. Qe2 Qa6 18. Qxa6 Nxa6 19. Rfc1 Re7 20. Ne5 c5 21.
dxc5 Rxc5 22. b4 Rxc2 23. Rxc2 Nd6 24. Rc6 Re6 25. Nd3 g5 26. b5 Nb8 27. Rc7 Kf8
28. a4 Re7 29. Rc1 Ke8 30. Ba3 Kd7 31. Nb4 Re5 32. Nc6 Re8 33. Bxd6 Kxd6 34.
Nxa7 Nd7 35. Nc8+ Ke5 36. Kf1 Re6 37. Rc7 Nf6 38. a5 Ne8 39. Rxf7 bxa5 40. b6
Rc6 41. Re7+ Kf6 42. Rxe8 a4 43. b7 Rc1+ 44. Ke2 Rb1 45. Nd6 1-0

[Event "European Hybrid Qual 2021"]
[Site "Tornelo INT"]
[Date "2021.05.26"]
[Round "2.1"]
[White "Sebenik, Matej"]
[Black "Sjugirov, Sanan"]
[Result "1/2-1/2"]
[WhiteTitle "GM"]
[BlackTitle "GM"]
[WhiteElo "2498"]
[BlackElo "2663"]
[WhiteFideId "14602296"]
[BlackFideId "4189302"]
[EventDate "2021.05.24"]
[EventType "k.o."]

1. d4 Nf6 2. c4 e6 3. Nf3 d5 4. g3 Be7 5. Bg2 O-O 6. O-O dxc4 7. Qc2 a6 8. a4
Bd7 9. Qxc4 Bc6 10. Bf4 Bd6 11. Nc3 Nbd7 12. Bd2 Ne4 13. Nxe4 Bxe4 14. Ng5 Bxg2
15. Kxg2 Be7 16. Nf3 Nf6 17. Ba5 Qd5 18. Qxd5 Nxd5 19. Rfc1 Rfc8 20. Ne5 c5 21.
dxc5 Bxc5 22. Nd3 Ba7 23. Kf3 Kf8 24. g4 Ke8 25. h4 f6 26. h5 Kf7 27. e3 e5 28.
b3 Ke6 29. Rc4 Ne7 30. Rac1 Rxc4 31. Rxc4 Nc6 32. Bc3 Rc8 33. Nb4 Ne7 34. Rxc8
Nxc8 35. e4 1/2-1/2

[Event "European Hybrid Qual 2021"]
[Site "Tornelo INT"]
[Date "2021.05.27"]
[Round "2.2"]
[White "Sjugirov, Sanan"]
[Black "Sebenik, Matej"]
[Result "1-0"]
[WhiteTitle "GM"]
[BlackTitle "GM"]
[WhiteElo "2663"]
[BlackElo "2498"]
[WhiteFideId "4189302"]
[BlackFideId "14602296"]
[EventDate "2021.05.24"]
[EventType "k.o."]

1. e4 c5 2. Nf3 Nc6 3. d4 cxd4 4. Nxd4 Nf6 5. Nc3 e5 6. Ndb5 d6 7. Bg5 a6 8. Na3
b5 9. Nd5 Be7 10. Bxf6 Bxf6 11. c3 Bg5 12. Nc2 Ne7 13. a4 bxa4 14. Bc4 O-O 15.
Rxa4 Nxd5 16. Bxd5 Bd7 17. Ra3 Rb8 18. b4 Kh8 19. O-O f5 20. exf5 Bxf5 21. Rxa6
Qc7 22. Rc6 Qa7 23. Qe2 Bxc2 24. Ra6 Bd1 25. Qa2 Qe7 26. Rxd1 e4 27. Qe2 e3 28.
fxe3 Bxe3+ 29. Kh1 Rf2 30. Qd3 Bf4 31. g3 Be5 32. b5 Bxc3 33. b6 h6 34. b7 Rb2
35. Qxc3 Qe2 36. Qc8+ Kh7 37. Bg8+ 1-0

[Event "European Hybrid Qual 2021"]
[Site "Tornelo INT"]
[Date "2021.05.27"]
[Round "2.2"]
[White "Kollars, Dmitrij"]
[Black "Kantor, Gergely"]
[Result "1-0"]
[WhiteTitle "GM"]
[BlackTitle "GM"]
[WhiteElo "2607"]
[BlackElo "2527"]
[WhiteFideId "12909572"]
[BlackFideId "751499"]
[EventDate "2021.05.24"]
[EventType "k.o."]

1. c4 e5 2. Nc3 Nf6 3. Nf3 Nc6 4. e3 Bb4 5. Qc2 O-O 6. Nd5 Re8 7. Qf5 d6 8.
Nxf6+ gxf6 9. Qh5 d5 10. a3 Bf8 11. cxd5 Qxd5 12. d3 f5 13. Be2 Qe6 14. Nh4 Qh6
15. Qxh6 Bxh6 16. Bd2 f4 17. Bf3 Ne7 18. g4 Bg5 19. Ng2 fxe3 20. fxe3 Rd8 21. h4
Bf6 22. O-O-O a5 23. Bc3 Ra6 24. e4 Be6 25. Ne3 b5 26. Nf5 Bb3 27. Rdf1 Nxf5 28.
exf5 Rxd3 29. g5 Be7 30. Be4 Re3 31. Re1 Rxe1+ 32. Rxe1 b4 33. axb4 Bxb4 34. Re3
Rd6 35. Bf3 Bxc3 36. Rxc3 a4 37. Rxc7 f6 38. Bh5 Bd5 39. Be8 Bb3 40. Rd7 Rxd7
41. Bxd7 Kg7 42. Kd2 fxg5 43. hxg5 h6 44. f6+ Kf7 45. gxh6 Kxf6 46. Bf5 Bd5 47.
Kc3 Bf3 48. Kc4 Kf7 49. Kc5 Kf6 50. Bc2 Bg2 51. Kc4 Bf3 52. Kc3 Bc6 53. Kd2 Bd5
54. Ke3 Bg2 55. Be4 Bh3 56. Kd2 Be6 57. Kc3 Bb3 58. Kb4 Bd1 59. Kc5 Bb3 60. Kd6
Bd1 61. h7 Kg7 62. Kxe5 Bb3 63. Kd4 Bd1 64. Kc3 Bb3 65. Bc2 Bd5 66. Kb4 Bc6 67.
Bxa4 Be4 68. Kc5 Bxh7 69. b4 Kf6 70. b5 Ke7 71. Kc6 Bf5 72. Kc7 Bd3 73. b6 Ba6
74. Bb5 Bxb5 75. b7 Ba6 76. b8=Q 1-0

[Event "European Hybrid Qual 2021"]
[Site "Tornelo INT"]
[Date "2021.05.26"]
[Round "2.1"]
[White "Donchenko, Alexander"]
[Black "Kriebel, Tadeas"]
[Result "1/2-1/2"]
[WhiteTitle "GM"]
[BlackTitle "IM"]
[WhiteElo "2660"]
[BlackElo "2527"]
[WhiteFideId "24603295"]
[BlackFideId "330027"]
[EventDate "2021.05.24"]
[EventType "k.o."]

1. d4 Nf6 2. c4 e6 3. Nf3 d5 4. Nc3 Be7 5. Bf4 O-O 6. e3 b6 7. Bd3 dxc4 8. Bxc4
Ba6 9. Qe2 Qc8 10. O-O Bxc4 11. Qxc4 c5 12. Rac1 Qa6 13. Qb5 Qxb5 14. Nxb5 Nbd7
15. Bd6 Bxd6 16. Nxd6 h6 17. Rfd1 Rfd8 18. dxc5 bxc5 19. Kf1 Rdb8 20. Rc2 Rb4
21. Nd2 a5 22. N2c4 a4 23. e4 Kf8 24. f3 Ke7 25. Ne3 Rd4 26. Ndf5+ exf5 27.
Nxf5+ Ke6 28. Nxd4+ cxd4 29. Rxd4 Ra6 30. Ke2 Ne5 31. f4 Nc6 32. Rdc4 Kd7 33.
Kf3 g5 34. g3 Ne8 35. e5 gxf4 36. gxf4 f6 37. Ke4 fxe5 38. fxe5 Ne7 39. Rd2+ Ke6
40. Rd8 Kf7 41. Rc3 Ng6 42. Rb8 Re6 43. Rb7+ Ne7 44. Kd4 Ng7 45. Rf3+ Ke8 46.
Rb5 Ngf5+ 47. Kc4 Rg6 48. Rf4 Rg2 49. h4 Kd7 1/2-1/2

[Event "European Hybrid Qual 2021"]
[Site "Tornelo INT"]
[Date "2021.05.27"]
[Round "2.2"]
[White "Kriebel, Tadeas"]
[Black "Donchenko, Alexander"]
[Result "0-1"]
[WhiteTitle "IM"]
[BlackTitle "GM"]
[WhiteElo "2527"]
[BlackElo "2660"]
[WhiteFideId "330027"]
[BlackFideId "24603295"]
[EventDate "2021.05.24"]
[EventType "k.o."]

1. e4 c5 2. Nf3 d6 3. Bb5+ Nd7 4. O-O a6 5. Bd3 Ngf6 6. c3 b5 7. a4 Bb7 8. Re1
c4 9. Bc2 e6 10. d4 cxd3 11. Qxd3 Nc5 12. Qe2 bxa4 13. Be3 Nfd7 14. Bxc5 Nxc5
15. Rxa4 g6 16. Rd1 Be7 17. Rad4 O-O 18. e5 Bxf3 19. Qxf3 d5 20. c4 f6 21. Qg3
fxe5 22. Rg4 e4 23. b4 Nd3 24. Bxd3 exd3 25. c5 Rf6 26. Rf4 Rxf4 27. Qxf4 a5 28.
Qe3 Qc8 29. Nc3 Bf8 30. bxa5 Bxc5 31. Qxd3 Rxa5 32. Ne2 Qf8 33. Qf3 Qxf3 34.
gxf3 Ra2 35. Rc1 Bd6 36. Nd4 Kf7 37. Rc8 Ra4 38. Ne2 Rc4 39. Rd8 Ke7 40. Rh8 h5
41. Rh7+ Kf6 42. Rd7 Be5 43. h3 Rc2 44. Kf1 Rb2 45. Ra7 g5 46. Ra4 Rb1+ 47. Kg2
Re1 48. Ra2 h4 49. Rc2 Kf5 50. Nc1 Rd1 51. Nb3 d4 52. Rc1 Rd3 53. Rb1 Bd6 54.
Na5 Rc3 55. Nb3 Rd3 56. Na5 Bc7 57. Nc4 Bf4 58. Rb5+ Kf6 59. Nb6 Rd1 60. Nd7+
Ke7 61. Nc5 d3 62. Rb7+ Ke8 63. Ne4 d2 64. Rb2 Rg1+ 65. Kxg1 d1=Q+ 66. Kg2 Qd3
67. Rb7 Kf8 68. Nc5 Qd5 69. Nd7+ Ke7 70. Nc5+ Ke8 71. Rb5 g4 0-1